[Event "Reykjavik Open"]
[Site "Reykjavik ISL"]
[Date "2010.02.25"]
[Round "2"]
[White "Gunnarsson,J"]
[Black "Baklan,V"]
[Result "0-1"]
[WhiteElo "2429"]
[BlackElo "2654"]

1.Nf3 Nf6 2.g3 g6 3.Bg2 Bg7 4.c4 O-O 5.O-O d6 6.Nc3 Nc6 7.d3 e5 8.Rb1 Re8
9.Bg5 h6 10.Bxf6 Bxf6 11.b4 Bg7 12.b5 Ne7 13.Nd2 e4 14.Qc2 e3 15.fxe3 Nf5
16.Nd1 Nxe3 17.Nxe3 Rxe3 18.Ne4 Qe7 19.Rf3 Rxf3 20.Bxf3 a6 21.a4 axb5 22.axb5 Qe5
23.Qd2 Be6 24.Nf2 d5 25.cxd5 Bxd5 26.Bxd5 Qxd5 27.Qf4 Ra2 28.e3 Re2 29.e4 Qa2
30.Rf1 Bd4 31.Kg2 Qb2 32.h4 h5  0-1

[Event "18th Fajr Open"]
[Site "Mashhad IRI"]
[Date "2010.02.26"]
[Round "10"]
[White "Harutjunyan,G"]
[Black "Ahmadinia,E"]
[Result "0-1"]
[WhiteElo "2475"]
[BlackElo "2343"]

1.Nf3 Nf6 2.g3 g6 3.Bg2 Bg7 4.c4 O-O 5.Nc3 d6 6.d4 Nbd7 7.O-O e5 8.Qc2 a6
9.Rd1 exd4 10.Nxd4 Re8 11.b3 Rb8 12.e4 Qe7 13.Bf4 Ne5 14.Nd5 Qd8 15.h3 c5
16.Ne2 Nxd5 17.Rxd5 Be6 18.Rdd1 b5 19.cxb5 axb5 20.Be3 Qe7 21.f4 Nc6 22.e5 Bf5
23.Qd2 dxe5 24.Bxc6 exf4 25.Bxf4 Rbd8 26.Qe1 Bxa1 27.Bxe8 Rxe8 28.Rxa1 Qxe2
29.Qxe2 Rxe2 30.Rc1 Bc2 31.Kf1 Bd3 32.Kg1 c4 33.bxc4 bxc4 34.a3 Kg7 35.Bd6 Kf6
36.Bb4 Ra2 37.Re1 g5 38.g4 Kg6 39.Re8 f6 40.Re6 Re2 41.Rxe2 Bxe2 42.Kf2 Bd1
43.Ke3 f5 44.gxf5+ Kxf5 45.Be1 h5 46.h4 g4 47.Bg3 c3 48.Kd3 c2 49.Kd2 Ke4
50.a4 Kf3 51.Bd6 g3 52.a5 Kg4 53.a6 Kxh4 54.a7 Bf3 55.Kxc2 Kg4 56.Kd2 h4  0-1

[Event "Reykjavik Open"]
[Site "Reykjavik ISL"]
[Date "2010.02.27"]
[Round "4"]
[White "Harika,D"]
[Black "Baklan,V"]
[Result "1/2-1/2"]
[WhiteElo "2471"]
[BlackElo "2654"]

1.c4 Nf6 2.Nf3 g6 3.g3 Bg7 4.Bg2 O-O 5.O-O d6 6.Nc3 Nc6 7.d4 Bg4 8.h3 Bxf3
9.Bxf3 Nd7 10.Be3 e5 11.Bxc6 bxc6 12.Qd2 a5 13.dxe5 Nxe5 14.b3 a4 15.Bd4 axb3
16.axb3 Rb8 17.Rab1 Re8 18.Bxe5 Bxe5 19.e3 Rb7 20.Ne2 Qd7 21.Kg2 Reb8 22.Qd3 c5
23.Nf4 Ra7 24.Qd5 Qe8 25.Nd3 Bg7 26.Rfd1 Rab7 27.Nc1 Qe6 28.Qd3 Rb6 29.Qc2 Qc8
30.Rd3 Qf5 31.Rd2 Qxc2 32.Rxc2 Kf8 33.Kf3 Ke8 34.Ke2 Kd7 35.Kd3 Ra6 36.Ra2 Rba8
37.Rxa6 Rxa6 38.Ne2 Ra2 39.b4 Ra3+ 40.Kd2 Ra2+ 41.Kd3 cxb4 42.Rxb4 h5 43.Rb8 Be5
44.Rf8 Ke7 45.Rc8 c5 46.f4 Bf6 47.g4 hxg4 48.hxg4 Kd7 49.Rf8 Ke7 50.Rc8 Kd7
51.Rf8 d5 52.Nc3 dxc4+ 53.Kxc4 Rc2 54.Rxf7+ Ke6 55.Rxf6+ Kxf6 56.Kd3 Rc1
57.Kd2 Rg1 58.Ne4+ Ke6 59.Nxc5+ Kd5 60.Nd7 Ke4 61.Nf6+ Kf3 62.Nd7 Kxg4 63.Ne5+ Kf5
64.Nf3 Rh1 65.Kd3 Rd1+ 66.Ke2 Ra1 67.Ng5 Kg4 68.Kd3 Ra7 69.Ke4 Re7+ 70.Kd4 Kf5
71.Kd3 Rd7+ 72.Ke2 Kg4 73.Nf3 Kg3 74.Ne5 Rd6 75.Nf7 Re6 76.Ng5 Re7 77.Kd3 Kg2
78.Kd4 Kf2 79.e4 Kg3 80.f5 Kg4 81.Ne6 gxf5 82.exf5 Kxf5 83.Nc5 Re8 84.Nd3 Rd8+
85.Ke3 Rd5 86.Nb4 Ra5 87.Nd3 Ra4 88.Nc5 Rb4 89.Nd3 Rc4 90.Nb2 Re4+ 91.Kd3 Kf4
92.Nc4 Re8 93.Kd4 Rd8+ 94.Kc5 Kf5 95.Kc6 Ke6 96.Kc5 Rd5+ 97.Kb4 Rh5 98.Kc3 Kd5
99.Kd3 Rh3+ 100.Ne3+ Ke5 101.Kd2 Ke4 102.Nc2 Rb3 103.Ke2 Rd3 104.Ne1 Rh3
105.Kd2 Rb3 106.Nc2 Rd3+ 107.Ke2 Rd8 108.Ne1 Rh8 109.Kd2 Rh1 110.Nc2 Rh3
111.Ne1 Rh7  1/2-1/2

[Event "48th XtraCon TCh-DEN 2009-10"]
[Site "Denmark DEN"]
[Date "2010.03.02"]
[Round "7"]
[White "Sorensen,PerSm"]
[Black "Riis,J"]
[Result "0-1"]
[WhiteElo "2105"]
[BlackElo "2152"]

1.Nf3 g6 2.c4 Bg7 3.g3 Nf6 4.Bg2 O-O 5.O-O c6 6.Nc3 d5 7.d4 dxc4 8.Ne5 Be6
9.e4 Nbd7 10.f4 Nxe5 11.fxe5 Ng4 12.h3 Nxe5 13.dxe5 Qb6+ 14.Kh2 Rfd8 15.Qe2 Rd3
16.Bf4 Qc7 17.Rf3 Rad8 18.Rd1 Rxd1 19.Nxd1 Bxe5 20.Rf1 h5 21.Bxe5 Qxe5 22.Qf2 Rd3
23.Qf4 Qd6 24.Qxd6 exd6 25.Bf3 b5 26.a3 a5 27.Kg2 b4 28.axb4 axb4 29.g4 h4
30.Rf2 d5 31.Rc2 dxe4 32.Be2 Bd5 33.Kh2 Rd4 34.Kg1 f5 35.gxf5 gxf5 36.Ne3 b3
37.Rc1 f4 38.Nxc4 e3 39.Ne5 Rd2 40.Bf3 Rxb2 41.Bxd5+ cxd5 42.Nd3 Ra2 43.Rb1 f3
44.Nc1 Rg2+ 45.Kh1 b2 46.Nd3 Rd2 47.Nxb2 Rxb2 48.Rxb2 e2 49.Kh2 Kf7 50.Rb3 f2
51.Rf3+ Kg6  0-1

[Event "Reykjavik Open"]
[Site "Reykjavik ISL"]
[Date "2010.03.02"]
[Round "8"]
[White "Kveinys,A"]
[Black "Nyzhnyk,I"]
[Result "1-0"]
[WhiteElo "2536"]
[BlackElo "2495"]

1.Nf3 Nf6 2.c4 g6 3.g3 Bg7 4.Bg2 O-O 5.d4 d6 6.O-O Nc6 7.Nc3 Bg4 8.h3 Bxf3
9.Bxf3 Nd7 10.e3 e5 11.d5 Ne7 12.e4 f5 13.Bg2 Nf6 14.exf5 Nxf5 15.Bg5 Qd7
16.Qd2 Rf7 17.g4 Nd4 18.f4 h6 19.fxe5 hxg5 20.Qxd4 Nh7 21.Qd3 Bxe5 22.Qxg6+ Rg7
23.Qd3 Nf8 24.Be4 Re8 25.Bf5 Qd8 26.Ne4 c5 27.dxc6 bxc6 28.Kg2 Bxb2 29.Rad1 Be5
30.Nxd6 Bxd6 31.Qxd6 Qa5 32.Rf2 Qa6 33.c5 Re2 34.Rd2 Rxd2 35.Rxd2 Qa5 36.Rf2 Qe1
37.Qxc6 Rf7 38.Qd6 Kg7 39.Qd4+ Kg8 40.c6 a5 41.Qd6  1-0

[Event "26th ChessOrg Schachfestival"]
[Site "Bad Woerishofen GER"]
[Date "2010.03.12"]
[Round "7"]
[White "Romanishin,O"]
[Black "Peschlow,P"]
[Result "1-0"]
[WhiteElo "2513"]
[BlackElo "2307"]

1.Nf3 Nf6 2.c4 g6 3.g3 Bg7 4.Bg2 O-O 5.d4 d5 6.cxd5 Nxd5 7.O-O Nb6 8.Nc3 Nc6
9.d5 Na5 10.e4 c6 11.Bg5 h6 12.Bf4 cxd5 13.Nxd5 Nac4 14.Qe2 e5 15.Nxb6 Qxb6
16.Bxh6 Bxh6 17.Qxc4 Qxb2 18.Rab1 Qa3 19.Nxe5 Be6 20.Qe2 Bg7 21.Ng4 Qa6 22.Qf3 Bxa2
23.Ra1 Rad8 24.e5 Qe6 25.Qf4 Bc4 26.Rfe1 b5 27.Rxa7 Qf5 28.Qxf5 gxf5 29.Ne3 Bxe5
30.Nxc4 Bb8 31.Ra5 bxc4 32.Rxf5 Rd4 33.Rg5+ Kh8 34.Rc5 Bd6 35.Rc6 Bb4 36.Re5 Bd2
37.f4 Rfd8 38.Be4 c3 39.Kg2 R4d6 40.Rc7 R6d7 41.Rcc5 Kg7 42.Kf3 Ra7 43.Rg5+ Kf8
44.Rh5 Rdd7 45.Rc8+ Ke7 46.Re5+ Kf6 47.g4 Re7 48.g5+ Kg7 49.Rxe7 Rxe7 50.h4 f6
51.g6 Be1 52.h5 Bd2 53.Bc2 Re3+ 54.Kg4 Re7 55.Kf5 Be1 56.Bb3 c2 57.Bxc2 Bf2
58.Bb3  1-0

[Event "XIV Vasconcellos Mem"]
[Site "Brasilia BRA"]
[Date "2010.03.15"]
[Round "9"]
[White "Lucena,L"]
[Black "Hobaica,J"]
[Result "0-1"]
[WhiteElo "2167"]
[BlackElo "2405"]

1.Nf3 Nf6 2.c4 g6 3.g3 Bg7 4.Bg2 O-O 5.d4 d6 6.O-O Nc6 7.Nc3 a6 8.d5 Na5
9.Nd2 c5 10.Qc2 Bd7 11.Rb1 b5 12.b3 Rb8 13.Bb2 e5 14.e3 Qe7 15.h3 Bf5 16.e4 Bd7
17.Ne2 h5 18.Bc3 b4 19.Bb2 h4 20.g4 Nh7 21.f4 exf4 22.Bxg7 Kxg7 23.Nxf4 Qe5
24.Rbe1 Ng5 25.Kh1 Rbe8 26.Qc1 Qc3 27.Qd1 Re7 28.Re2 Rfe8 29.Qe1 Re5 30.Re3 Qc2
31.Rf2 Qxa2 32.Qf1 Qa3 33.Kh2 R5e7 34.Qb1 Nb7 35.Kh1 Nd8 36.Nf3 Nxe4 37.Rxe4 Rxe4
38.Kh2 Re3 39.Nd3 Re2 40.Rxe2 Rxe2 41.Qf1 Re3 42.Qd1 Qa2 43.Kh1 f6 44.g5 fxg5
45.Nxg5 Bf5 46.Nc1 Qf2  0-1

[Event "21st Pobeskydi Distep Cup"]
[Site "Frydek-Mistek CZE"]
[Date "2010.04.04"]
[Round "8"]
[White "Motuz,K"]
[Black "Jasny,S"]
[Result "1/2-1/2"]
[WhiteElo "2319"]
[BlackElo "2347"]

1.c4 Nf6 2.Nf3 g6 3.g3 Bg7 4.Bg2 O-O 5.d4 d6 6.Nc3 Nc6 7.O-O a6 8.b3 Rb8
9.Bb2 b5 10.cxb5 axb5 11.Rc1 b4 12.Na4 Na7 13.Ne1 c6 14.Nd3 Bd7 15.Qd2 Qa5
16.a3 Qh5 17.axb4 Bh6 18.f4 Be6 19.Nc3 Nb5 20.Ne4 Nxe4 21.Bxe4 Bd5 22.Bf3 Bxf3
23.Rxf3 Qd5 24.Nf2 f5 25.Rd3 Bg7 26.e3 Ra8 27.Qc2 Ra2 28.Rd2 Qf3 29.Qd3 Kh8
30.Rdc2 h6 31.Qe2 Qd5 32.Qc4 Qf3 33.Nd1 d5 34.Qe2 Qxe2 35.Rxe2 Rc8 36.Rec2 Rb8
37.Rxc6 Nd6 38.Bc3 Ne4 39.Rxg6 Bf6 40.Rxh6+ Kg7 41.Rh3 Rc8 42.Kf1 e6 43.Ke1 Ra3
44.Bd2 Rxc1 45.Bxc1 Ra1 46.Bd2 Rb1 47.Ke2 Rxb3 48.Nf2 Nxd2 49.Kxd2 Rxb4 50.Nd3 Rb3
51.Nc5 Rb6 52.g4 fxg4 53.Rg3 Kf7 54.Kc3 Rc6 55.Kd3 Rb6 56.Ke2 Rc6 57.Kd1 Rb6
58.Kc2 Rc6 59.Kb3 Rb6+ 60.Ka2 Bh4 61.Rg2 Rb8 62.Nd3 Bf6 63.Rxg4 Rh8 64.h4 Bxh4
65.Ne5+ Kf6 66.Ng6 Ra8+ 67.Kb3 Bf2 68.Ne5 Bxe3 69.Kb4 Bxd4 70.Nc6 Be3 71.Rh4 Ra1
72.Rh6+ Kf5 73.Ne7+ Kxf4 74.Rxe6 d4 75.Kc4 Kf3 76.Nf5 Rc1+ 77.Kd5 Rc3 78.Nxd4+  1/2-1/2

[Event "Open"]
[Site "Bar MNE"]
[Date "2010.04.22"]
[Round "7"]
[White "Dimitrijevic,A"]
[Black "Rasovic,U"]
[Result "1-0"]
[WhiteElo "2286"]
[BlackElo "1918"]

1.c4 Nf6 2.Nf3 g6 3.g3 Bg7 4.Bg2 O-O 5.O-O c6 6.Nc3 d5 7.d3 dxc4 8.dxc4 Be6
9.Qa4 c5 10.Rd1 Qc8 11.Nd5 Nxd5 12.cxd5 Bh3 13.Bh1 Na6 14.Qh4 Qg4 15.Qxe7 Qa4
16.Be3 Bxb2 17.Rab1 Bf5 18.Ra1 Rfe8 19.Qxb7 Rab8 20.Qxa7 Bc8 21.Rab1 Rb7
22.Qa8 c4 23.d6 c3 24.Nd4 Nc5 25.Qxa4 Nxa4 26.Bc6  1-0

[Event "ch-SRB w"]
[Site "Pancevo SRB"]
[Date "2010.04.28"]
[Round "9"]
[White "Tadic,Ka"]
[Black "Drljevic,L"]
[Result "0-1"]
[WhiteElo "2152"]
[BlackElo "2248"]

1.Nf3 Nf6 2.c4 g6 3.g3 Bg7 4.Bg2 O-O 5.O-O d6 6.d4 Nbd7 7.Nc3 e5 8.h3 c6
9.e4 Qb6 10.c5 dxc5 11.dxe5 Ne8 12.e6 fxe6 13.Ng5 Ne5 14.f4 Nf7 15.Nxf7 Bd4+
16.Kh2 Rxf7 17.e5 Qc7 18.Ne4 b6 19.Qb3 Re7 20.f5 gxf5 21.Rxf5 Bxe5 22.Bg5 Rf7
23.Rxf7 Qxf7 24.Rf1 Qg6 25.Qf3 Bg7 26.h4 h5 27.Nf6+ Nxf6 28.Bxf6 Bxf6 29.Qxc6 Be5
30.Qf3 Bb7 31.Qxb7  0-1

[Event "7th Balagne Open"]
[Site "Calvi FRA"]
[Date "2010.04.30"]
[Round "8"]
[White "Schnelzer,R"]
[Black "Cristofari,A"]
[Result "1-0"]
[WhiteElo "2260"]
[BlackElo "2109"]

1.Nf3 Nf6 2.c4 g6 3.g3 Bg7 4.Bg2 O-O 5.d4 d6 6.Nc3 Nc6 7.d5 Na5 8.Nd2 c5
9.O-O a6 10.Qc2 Rb8 11.Rb1 b5 12.cxb5 axb5 13.b4 cxb4 14.Rxb4 Ba6 15.Qb1 Qc7
16.Nxb5 Bxb5 17.Rxb5 Rxb5 18.Qxb5 Rb8 19.Qa4 Nd7 20.Ba3 Nc5 21.Qc2 Rb5 22.Rb1 Qb6
23.Bf1 Nab7 24.Rxb5 Qxb5 25.e3 Qb6 26.Bc1 f5 27.Nf3 Bf6 28.Nd4 Kf7 29.Nc6 Ne4
30.Qb3 Qc7 31.Qxb7  1-0

[Event "ch-CZE"]
[Site "Ostrava CZE"]
[Date "2010.05.02"]
[Round "2"]
[White "Cvek,R"]
[Black "Kriebel,T"]
[Result "1-0"]
[WhiteElo "2495"]
[BlackElo "2265"]

1.Nf3 Nf6 2.c4 g6 3.g3 Bg7 4.Bg2 O-O 5.O-O d6 6.d4 Nc6 7.Nc3 a6 8.Qd3 Bf5
9.e4 Bg4 10.Be3 Rb8 11.h3 Bxf3 12.Bxf3 e5 13.d5 Nd4 14.Bxd4 exd4 15.Qxd4 Re8
16.Qd2 b5 17.cxb5 axb5 18.Qc2 Nd7 19.Rad1 Rb7 20.Bg2 Qa8 21.Kh2 Ne5 22.b4 Nd7
23.f4 Nb6 24.Nxb5 Nxd5 25.exd5 Rxb5 26.Qb3 Re2 27.a4 Rxb4 28.Qxb4  1-0

[Event "ch-CZE"]
[Site "Ostrava CZE"]
[Date "2010.05.04"]
[Round "4"]
[White "Cvek,R"]
[Black "Sikorova,O"]
[Result "1-0"]
[WhiteElo "2495"]
[BlackElo "2268"]

1.Nf3 Nf6 2.c4 g6 3.g3 Bg7 4.Bg2 O-O 5.O-O c5 6.d4 cxd4 7.Nxd4 Nc6 8.Nc3 Nxd4
9.Qxd4 d6 10.Qd3 Bf5 11.e4 Be6 12.Bd2 Nd7 13.b3 a6 14.Qe2 Nc5 15.Rac1 a5
16.h3 Bd7 17.Kh2 Bc6 18.f4 b6 19.Rce1 Ra7 20.h4 Qa8 21.f5 Be5 22.Nd5 Bxd5
23.exd5 Qe8 24.Bh3 Kh8 25.fxg6 hxg6 26.Qe3 Bg7 27.h5 gxh5 28.Rf5 e6 29.Rxh5+ Kg8
30.Qf3 Re7 31.Bf4 exd5 32.Rxe7 Qxe7 33.Bh6 f6 34.Qxd5+ Qf7 35.Bf4 Re8 36.Bg4 Bf8
37.Rh8+  1-0

[Event "ch-UKR"]
[Site "Alushta UKR"]
[Date "2010.05.05"]
[Round "3"]
[White "Barantseva,A"]
[Black "Gavrish,L"]
[Result "1-0"]
[WhiteElo "1855"]
[BlackElo "2205"]

1.c4 Nf6 2.Nf3 g6 3.g3 Bg7 4.Bg2 O-O 5.O-O c5 6.d4 cxd4 7.Nxd4 Nc6 8.Nc3 Ng4
9.e3 d6 10.b3 Nxd4 11.exd4 Nh6 12.Bxh6 Bxh6 13.b4 Bf5 14.c5 Rb8 15.Re1 dxc5
16.bxc5 Bg7 17.Ne2 Bg4 18.Rb1 Qc7 19.Qa4 b5 20.Rxb5 Bd7 21.Nc3 Bxb5 22.Nxb5 Rxb5
23.Qxb5 Bxd4 24.Rc1 Rb8 25.Qc4 e5 26.c6 Kg7 27.Qd5 Rb2 28.Rf1 Qb6 29.Kh1 Rb1
30.Qc4 Rb5 31.c7 Rc5 32.c8=Q Rxc8 33.Qxc8 Bxf2 34.Qc6 Qb2 35.Qf3  1-0

[Event "ch-CZE"]
[Site "Ostrava CZE"]
[Date "2010.05.08"]
[Round "8"]
[White "Chlevistan,J"]
[Black "Lechtynsky,J"]
[Result "0-1"]
[WhiteElo "2111"]
[BlackElo "2396"]

1.Nf3 Nf6 2.c4 g6 3.g3 Bg7 4.Bg2 O-O 5.O-O d6 6.d4 c6 7.Nc3 Qa5 8.h3 Be6
9.Qd3 Qa6 10.b3 d5 11.Nd2 Rd8 12.Bb2 dxc4 13.bxc4 Nbd7 14.f4 Nb6 15.c5 Qxd3
16.exd3 Nfd5 17.Nxd5 Nxd5 18.Nc4 Nb4 19.Na5 Rab8 20.a3 Nxd3 21.Bc3 Nxc5 22.Rab1 Na4
23.Ba1 Nb6 24.Bxc6 bxc6 25.Nxc6 Bxh3 26.Rfc1 Bf5 27.Rb4 Kf8 28.Nxb8 Rxb8
29.Rc7 Ra8 30.Rc5 Bf6 31.Ra5 Rc8  0-1

[Event "ch-Commonwealth"]
[Site "Delhi IND"]
[Date "2010.05.10"]
[Round "1"]
[White "Harika,D"]
[Black "Bharadwaj,A"]
[Result "1-0"]
[WhiteElo "2491"]
[BlackElo "1884"]

1.Nf3 Nf6 2.c4 g6 3.g3 Bg7 4.Bg2 O-O 5.d4 d6 6.O-O c6 7.b3 Nbd7 8.Bb2 Re8
9.Nc3 Qc7 10.e4 e5 11.h3 exd4 12.Nxd4 Nc5 13.Qc2 Bd7 14.Rad1 a5 15.Kh2 Rad8
16.f4 Bc8 17.Rfe1 h5 18.Nf3 Nh7 19.Na4 Bxb2 20.Nxb2 Qe7 21.Nd3 Nxd3 22.Rxd3 Qf8
23.Qd2 b6 24.Rd1 Nf6 25.Ng5 Bb7 26.e5 Nh7 27.Nxh7 Kxh7 28.Rxd6 Rxd6 29.exd6 Rd8
30.f5 Qh6 31.Qf2 Rd7 32.h4 g5 33.f6 Kh8 34.Re1 Qf8 35.Re7 Rxd6 36.Rxb7 gxh4
37.gxh4 Re6 38.Qg3 Rxf6 39.Rb8 Qxb8 40.Qxb8+ Kg7 41.Qe5  1-0

[Event "ch-UKR"]
[Site "Alushta UKR"]
[Date "2010.05.11"]
[Round "9"]
[White "Savvopulo,A"]
[Black "Kutsyj,A"]
[Result "1/2-1/2"]
[WhiteElo "2100"]
[BlackElo "2343"]

1.Nf3 Nf6 2.c4 g6 3.g3 Bg7 4.Bg2 O-O 5.O-O Nc6 6.Nc3 d6 7.d4 a6 8.a3 Rb8
9.b4 e5 10.dxe5 Nxe5 11.Nxe5 dxe5 12.Qxd8 Rxd8 13.Bg5 Re8 14.Rad1 h6 15.Be3 Bf8
16.c5 c6 17.Ne4 Nxe4 18.Bxe4 Bg4 19.Bd3 Be6 20.Bc1 Rbd8 21.Bc2 Bc4 22.Rxd8 Rxd8
23.Rd1 Rxd1+ 24.Bxd1 f5 25.f3 Kf7 26.Kf2 Ke6 27.Bc2 h5 28.e4 Be7 29.Be3 Bd8
30.Ke1 Bc7 31.Kd2 f4 32.Bf2 fxg3 33.Bxg3 Bd8 34.Bf2 Bg5+ 35.Be3 Bf4 36.h4 Bg3
37.Bg5 Kf7 38.Bd3 Bxd3 39.Kxd3 Be1 40.Bd8 Bf2 41.Bg5 Ke6 42.Ke2 Bd4 43.Kd3 a5
44.Kc4 axb4 45.axb4 Bf2 46.Kd3 b5 47.Ke2 Bg3 48.Kf1 Bf4 49.Kg2  1/2-1/2

[Event "4th All China Games Rapid"]
[Site "Hefei CHN"]
[Date "2010.05.19"]
[Round "9"]
[White "Zhang Xuan"]
[Black "Wang Pin"]
[Result "0-1"]
[WhiteElo "2275"]
[BlackElo "2407"]

1.Nf3 Nf6 2.g3 g6 3.Bg2 Bg7 4.c4 O-O 5.O-O d6 6.Nc3 e5 7.d4 exd4 8.Nxd4 c6
9.e4 Nbd7 10.Nb3 Ne5 11.c5 dxc5 12.Nxc5 b6 13.Nb3 Ba6 14.Re1 Nd3 15.Re3 Qd7
16.h3 Rad8 17.Qc2 Nb4 18.Qd2 Qc8 19.Nd4 c5 20.Nce2 Bxe2 21.Rxe2 Rxd4 22.Qe1 Rfd8
23.Be3 R4d7 24.Bg5 h6 25.Bxf6 Bxf6 26.e5 Nd3 27.Qc3 Bg7 28.f4 Nb4 29.Kh2 h5
30.Qe1 Nd3 31.Qf1 h4 32.gxh4 Bh6 33.Kh1 Nxf4 34.Rf2 Nh5 35.Rf3 Rd4 36.Kg1 Qe6
37.Qe1 Rd3 38.Rxd3 Rxd3 39.Qe4 Rd4 40.Qe2 Nf4 41.Qf2 Nxh3+ 42.Bxh3 Qxh3 43.Qg2 Be3+
44.Kf1  0-1

[Event "Chladek & Tintera Open"]
[Site "Hradec Kralove CZE"]
[Date "2010.05.20"]
[Round "7"]
[White "Loktiev,I"]
[Black "Bednar,Ma"]
[Result "1/2-1/2"]
[WhiteElo "2225"]
[BlackElo "2225"]

1.Nf3 Nf6 2.c4 g6 3.g3 Bg7 4.Bg2 O-O 5.O-O d6 6.Nc3 Nc6 7.d4 Bd7 8.Bf4 Re8
9.Qd2 Rb8 10.Rfd1 a6 11.a4 Bf5 12.a5 Ne4 13.Qe3 Nf6 14.Qd2 Ne4  1/2-1/2

[Event "Municipality Cup"]
[Site "Tbilisi GEO"]
[Date "2010.05.23"]
[Round "9"]
[White "Namir,M"]
[Black "Bagaturov,G"]
[Result "0-1"]
[WhiteElo "2182"]
[BlackElo "2453"]

1.Nf3 Nf6 2.c4 g6 3.g3 Bg7 4.Bg2 O-O 5.O-O d6 6.Nc3 Nc6 7.Rb1 a6 8.b4 e5
9.d3 Bf5 10.Bg5 h6 11.Bxf6 Bxf6 12.a4 Qd7 13.Nd5 Bg7 14.b5 axb5 15.axb5 Nd8
16.Nh4 Be6 17.Qc2 g5 18.Nf3 f5 19.Nd2 Kh8 20.Rb4 Bf7 21.Ra4 Rxa4 22.Qxa4 Ne6
23.Nb3 Bh5 24.f3 c6 25.bxc6 bxc6 26.Bh3 Qb7 27.g4 cxd5 28.gxh5 Nf4 29.Bg2 Nxe2+
30.Kh1 Ra8 31.Qb5 Qxb5 32.cxb5 Rb8  0-1

[Event "III Copa Roggio C"]
[Site "Asuncion PAR"]
[Date "2010.05.29"]
[Round "9"]
[White "Chang,S"]
[Black "Alarcon,J"]
[Result "1-0"]
[WhiteElo "2031"]
[BlackElo "1748"]

1.c4 Nf6 2.Nf3 g6 3.g3 Bg7 4.Bg2 O-O 5.O-O d6 6.Nc3 Nc6 7.d3 Nh5 8.Ne1 f5
9.f4 e5 10.Bd2 exf4 11.gxf4 Re8 12.Rb1 Bd4+ 13.Kh1 Nf6 14.Nc2 Bb6 15.e3 Be6
16.Qf3 Qd7 17.Be1 Rad8 18.Bh4 Qf7 19.Nd5 Bxd5 20.cxd5 Nb8 21.Rbe1 Rc8 22.Na3 c6
23.Nc4 Bc7 24.e4 cxd5 25.exd5 b5 26.Ne3 Bb6 27.a4 a6 28.axb5 axb5 29.Nd1 Ba5
30.Rxe8+ Rxe8 31.Nc3 b4 32.Nb5 Qd7 33.Nd4 Ng4 34.Ne6 Bb6 35.Re1 Na6 36.h3 Nh6
37.Bf2 Bxf2 38.Qxf2 Nf7 39.Ra1 Ra8 40.Qd4 Nh8 41.Qb6 Qa7 42.Qxd6 Nf7 43.Qc6  1-0

[Event "NAO"]
[Site "Stillwater USA"]
[Date "2010.05.31"]
[Round "10"]
[White "Hughes,D"]
[Black "Mc Entee,T"]
[Result "1/2-1/2"]
[WhiteElo "2080"]
[BlackElo "2155"]

1.Nf3 Nf6 2.g3 g6 3.Bg2 Bg7 4.c4 O-O 5.O-O d5 6.cxd5 Nxd5 7.d4 c6 8.Nc3 Nb6
9.h3 h6 10.e4 Be6 11.Qc2 Na6 12.a3 Qd7 13.Kh2 Rfd8 14.Rd1 Qe8 15.Ne2 Rac8
16.Nf4 Nc7 17.Nxe6 Nxe6 18.Be3 Rd7 19.Rd3 Rcd8  1/2-1/2

[Event "9th TCh-BIH Premier"]
[Site "Bihac BIH"]
[Date "2010.06.05"]
[Round "1"]
[White "Dumpor,A"]
[Black "Bilic,V"]
[Result "1/2-1/2"]
[WhiteElo "2407"]
[BlackElo "2267"]

1.c4 Nf6 2.Nf3 g6 3.g3 Bg7 4.Bg2 O-O 5.Nc3 d6 6.d4 c6 7.O-O Bf5 8.Re1 Ne4
9.Nxe4 Bxe4 10.Be3 Nd7 11.Qd2 Nf6 12.h3 d5 13.b3 e6 14.Rac1 a5  1/2-1/2

[Event "9th TCh-BIH Premier"]
[Site "Bihac BIH"]
[Date "2010.06.11"]
[Round "7"]
[White "Bogosavljevic,B"]
[Black "Tomic,Bos"]
[Result "1-0"]
[WhiteElo "2531"]
[BlackElo "2423"]

1.Nf3 Nf6 2.c4 g6 3.g3 Bg7 4.Bg2 O-O 5.O-O d6 6.d4 Nbd7 7.Nc3 e5 8.h3 a6
9.dxe5 dxe5 10.Be3 c6 11.Qb3 Qc7 12.Rfd1 b5 13.cxb5 axb5 14.Rac1 Qa5 15.a3 Rb8
16.Na2 Bb7 17.Nb4 Rbc8 18.Ng5 Qa8 19.Nd3 Nd5 20.Nc5 N7b6 21.Nxb7 Nxe3 22.Qxe3 Qxb7
23.b3 Nd5 24.Qc5 Bh6 25.h4 Rfd8 26.Bh3 Bf8 27.Bxc8 Rxc8 28.Qc2 Bxa3 29.Ra1 Be7
30.Ne4 f5 31.Nc5 Qb6 32.Rac1 Nb4 33.Qc3 Bxc5 34.Qxc5 Qxc5 35.Rxc5 Re8 36.Rd7 h5
37.Rc1 Kf8 38.Ra1 Re7 39.Raa7 Nd5 40.f3 Kf7 41.Rxe7+ Nxe7 42.e4 Ke6 43.Kf2 fxe4
44.fxe4 Kd6 45.Ke3 Nc8 46.Rb7 Ne7 47.Kd3 Ng8 48.Rg7 Ne7 49.Rf7 Ke6 50.Rf8 Kd7
51.Rf6 c5 52.Rb6 Kc7 53.Rxb5  1-0

[Event "Open"]
[Site "Teplice CZE"]
[Date "2010.06.15"]
[Round "4"]
[White "Purkyt,Jaroslav"]
[Black "Hajek,Jar"]
[Result "0-1"]
[WhiteElo "1846"]
[BlackElo "2002"]

1.Nf3 Nf6 2.c4 g6 3.g3 Bg7 4.Bg2 O-O 5.d4 d6 6.Nc3 Nbd7 7.O-O e5 8.e3 c6
9.b3 Re8 10.Nd2 exd4 11.exd4 Nf8 12.Nf3 Bg4 13.Bb2 d5 14.Qd2 Ne6 15.cxd5 Nxd5
16.Nxd5 Bxf3 17.Bxf3 cxd5 18.Rac1 Qd7 19.Rc2 Bf6 20.Bg4 Rac8 21.Rfc1 Rxc2
22.Qxc2 Qd8 23.Bxe6 Rxe6 24.Qc7 Qxc7 25.Rxc7 Re2 26.Bc3 Rc2 27.Ba5 Rxc7 28.Bxc7 Bxd4
29.Kf1 Kg7 30.Ke2 Kf6 31.h3 h5 32.Kf3 Ke6 33.g4 Be5 34.Bd8 Bd6 35.Bg5 f6
36.Be3 a6 37.Bb6 Ke5 38.Ke3 f5 39.Bd4+ Ke6 40.Kf3 Be5 41.Be3 d4 42.Bd2 Kd5
43.gxf5 gxf5 44.Ke2 b5 45.Kd3 Kc5 46.f3 Bc7 47.a3 Kd5 48.b4 Bg3 49.f4 Bf2
50.Bc1 Be3 51.Bb2 Bxf4 52.Bxd4 Bc1 53.Bc3 Bxa3 54.Bd2 Bb2 55.Be1 Be5 56.Bd2 Bd6
57.Be1 f4 58.Bd2 f3 59.Be1 f2 60.Bxf2 Bxb4 61.Bd4 a5 62.Bb2 Bc5 63.Bc1 a4  0-1

[Event "14th Master Open"]
[Site "Voronezh RUS"]
[Date "2010.06.15"]
[Round "4"]
[White "Yevseev,D"]
[Black "Matinian,N"]
[Result "1/2-1/2"]
[WhiteElo "2520"]
[BlackElo "2348"]

1.Nf3 Nf6 2.c4 g6 3.g3 Bg7 4.Bg2 O-O 5.O-O d6 6.d4 Nc6 7.Nc3 e5 8.dxe5 dxe5
9.Bg5 Be6 10.Qa4 Qc8 11.Rfd1 h6 12.Be3 Bh3 13.Nd5 Bxg2 14.Kxg2 Ng4 15.Bc5 Re8
16.h3 Nf6 17.Rac1 Nd7 18.Be3 Nf8 19.b4 Ne6 20.b5 Ncd4 21.Bxd4 exd4 22.c5 Qd7
23.Nb4 Ng5 24.Nxg5 hxg5 25.Rc2 g4 26.h4 Qf5 27.Qb3  1/2-1/2

[Event "Royal Residence Cup"]
[Site "Zhovkva UKR"]
[Date "2010.06.16"]
[Round "9"]
[White "Paci,C"]
[Black "Shkuran,D"]
[Result "1/2-1/2"]
[WhiteElo "2352"]
[BlackElo "2383"]

1.Nf3 Nf6 2.c4 g6 3.g3 Bg7 4.Bg2 O-O 5.O-O d6 6.d4 c6 7.Nc3 Qa5 8.h3 e5 9.e4 Nbd7
10.Be3 Re8 11.Qc2 exd4 12.Nxd4  1/2-1/2

[Event "14th Master Open"]
[Site "Voronezh RUS"]
[Date "2010.06.18"]
[Round "6"]
[White "Yevseev,D"]
[Black "Ozolin,M"]
[Result "1-0"]
[WhiteElo "2520"]
[BlackElo "2398"]

1.Nf3 Nf6 2.c4 g6 3.g3 Bg7 4.Bg2 O-O 5.d4 d6 6.O-O Nc6 7.Nc3 a6 8.e3 Rb8
9.Qe2 b5 10.Rd1 Na5 11.cxb5 axb5 12.b4 Nc6 13.a3 Nd7 14.e4 e5 15.Bg5 f6 16.Be3 exd4
17.Nxd4 Nxd4 18.Bxd4 c6 19.a4 bxa4 20.Qc4+ Rf7 21.Qxc6 Rxb4 22.Qxd6 Bf8 23.Qd5 Bb7
24.Qa2 a3 25.Nd5 Bxd5 26.Qxd5 Qe7 27.Bh3 Nb6 28.Qc6 Qc7 29.Qxc7 Rxc7 30.Bxf6 Kf7
31.e5 Rb2 32.Bd8 Ra7 33.e6+ Kg7 34.Bg5 Bc5 35.Bd2 Kf8 36.Bh6+ Ke8 37.Bg5 Be7
38.Be3 Rc7 39.Bg2 Na4 40.Bd4 Nc3 41.Be5 Nxd1 42.Bxc7 Nxf2 43.Be5 Rc2 44.Bd4 Nd3
45.Bf1 Nc1 46.Rb1 Bd6 47.Bf6 a2 48.Rb7 Ne2+ 49.Kh1 Rc1 50.Kg2 Rc2 51.Kf3 Rc3+
52.Bxc3 Nxc3 53.Ra7 Bc5 54.Ra8+ Ke7 55.Bc4 Bd4 56.g4 h6 57.h4 Kf6 58.Bxa2 Nxa2
59.Rxa2 Kxe6 60.Ra6+ Kf7 61.Ke4 Bf6 62.h5 gxh5 63.gxh5 Bg5 64.Ke5 Be3 65.Kf5 Bg5
66.Re6 Bd2 67.Rd6 Bg5 68.Rd7+ Kf8 69.Ke6 Be3 70.Rd5 Kg7 71.Rd3 Bf4 72.Rf3 Bg5
73.Rf1 Kg8 74.Rf7 Bh4 75.Rc7 Bg5 76.Kf5 Kf8 77.Kg6 Bd2 78.Rf7+ Ke8 79.Rf2 Bc1
80.Kg7 Ke7  1-0

[Event "Sveins Minneturnering"]
[Site "Oslo NOR"]
[Date "2010.06.19"]
[Round "3"]
[White "Stigar,P"]
[Black "Hauge,Lars Oskar"]
[Result "1/2-1/2"]
[WhiteElo "2281"]
[BlackElo "1880"]

1.Nf3 Nf6 2.c4 g6 3.g3 Bg7 4.Bg2 O-O 5.O-O d5 6.cxd5 Nxd5 7.d4 Nb6 8.Nc3 N8d7
9.e4 c5 10.d5 Ne5 11.Nxe5 Bxe5 12.Be3 Nc4 13.Bxc5 Nxb2 14.Qc2 Qa5 15.Rac1 Qxc5
16.Qxb2  1/2-1/2

[Event "14th Master Open"]
[Site "Voronezh RUS"]
[Date "2010.06.19"]
[Round "7"]
[White "Papin,V"]
[Black "Ponkratov,P"]
[Result "0-1"]
[WhiteElo "2520"]
[BlackElo "2603"]

1.Nf3 Nf6 2.c4 g6 3.g3 Bg7 4.Bg2 O-O 5.O-O d5 6.cxd5 Nxd5 7.Nc3 c5 8.Qb3 Nxc3
9.bxc3 Nc6 10.Ng5 Na5 11.Qb5 c4 12.Ba3 Bd7 13.Qc5 h6 14.Nf3 Re8 15.Ne5 Rc8
16.Qe3 b6 17.f4 e6 18.Rac1 Ba4 19.d4 cxd3 20.exd3 Bc6 21.Bxc6 Nxc6 22.Nc4 Ne7
23.Qf3 Nd5 24.Nd6 Bf8 25.Nxc8 Bxa3 26.Nxa7 Bxc1 27.Rxc1 Nxc3 28.Nc6 Qd5 29.Qxd5 Nxd5
30.Rc4 Ra8 31.a4 Kg7 32.Kf2 g5 33.h3 gxf4 34.gxf4 Kf6 35.Nb4 Ne7 36.Nc2 Rd8
37.Ke2 Rd5 38.Rb4 Rh5 39.Ne3 Rxh3 40.Rb5 Rh2+ 41.Kf3 Ra2 42.f5 exf5 43.Nd5+ Nxd5
44.Rxd5 Rxa4 45.Rd6+ Kg5 46.Rxb6 Ra3 47.Rb7 Rxd3+ 48.Ke2 Rh3 49.Rxf7 Kf4
50.Ra7 Rh2+ 51.Kf1 h5 52.Ra4+ Kg5 53.Ra8 h4 54.Rg8+ Kf4 55.Ra8 Kg4 56.Ra4+ f4
57.Kg1 Rb2 58.Ra3 h3 59.Ra8 Rg2+ 60.Kf1 f3 61.Rg8+ Kf4 62.Rf8+ Ke4 63.Re8+ Kd5  0-1